[Event "Hamburg St Pauli op-A"]
[Site "Hamburg"]
[Date "2010.07.16"]
[Round "7"]
[White "Lindschau, Eggert"]
[Black "Schmuck, Martin"]
[Result "0-1"]
[WhiteElo "2054"]
[BlackElo "1941"]
[PlyCount "44"]
[EventDate "2010.07.10"]
[EventType "swiss"]
[EventRounds "9"]
[EventCountry "GER"]
[SourceTitle "EXT 2013"]
[Source "ChessBase"]
[SourceDate "2012.11.22"]
[SourceVersion "1"]
[SourceVersionDate "2012.11.22"]
[SourceQuality "1"]

1. e4 e5 2. Nf3 Nc6 3. Bc4 Nf6 4. d3 Be7 5. 0-0 0-0 6. Re1 d6 7. h3 Na5 8. Nbd2 Nxc4 9. Nxc4 b5 10. Ne3 g6 11. Nf1 Re8 12. Ng3 Bf8 13. Be3 d5 14. Bg5 d4 15. Qd2 Qd6 16. c3 c5 17. b4 dxc3 18. Qxc3 cxb4 19. Qd2 Bb7 20. d4 Nd7 21. d5 f6 22. Be3 a5 0-1

[Event "Hamburg St Pauli op-A"]
[Site "Hamburg"]
[Date "2010.07.14"]
[Round "6"]
[White "Seehagen, Jan"]
[Black "Lindschau, Eggert"]
[Result "1/2-1/2"]
[WhiteElo "1910"]
[BlackElo "2054"]
[PlyCount "119"]
[EventDate "2010.07.10"]
[EventType "swiss"]
[EventRounds "9"]
[EventCountry "GER"]
[SourceTitle "EXT 2013"]
[Source "ChessBase"]
[SourceDate "2012.11.22"]
[SourceVersion "1"]
[SourceVersionDate "2012.11.22"]
[SourceQuality "1"]

1. e4 c5 2. Nf3 Nc6 3. d4 cxd4 4. Nxd4 Nf6 5. Nc3 e5 6. Ndb5 d6 7. Bg5 a6 8. Na3 b5 9. Nd5 Be7 10. Bxf6 Bxf6 11. c3 0-0 12. Nc2 Bg5 13. Bd3 Ne7 14. Nce3 Bb7 15. Bc2 Bxe3 16. Nxe3 d5 17. exd5 Nxd5 18. Qd3 Nf6 19. 0-0-0 Qxd3 20. Bxd3 Rad8 21. f3 e4 22. Be2 exf3 23. Bxf3 Bxf3 24. gxf3 g6 25. Rxd8 Rxd8 26. Rd1 Re8 27. Nd5 Nxd5 28. Rxd5 Re3 29. f4 Rf3 30. Rd6 Rxf4 31. Rxa6 Rf1+ 32. Kc2 Rf2+ 33. Kb3 Rxh2 34. Ra5 h5 35. Rxb5 h4 36. a4 h3 37. a5 Rxb2+ 38. Kxb2 h2 39. Kb3 h1Q 40. c4 Qd1+ 41. Kb4 Qd2+ 42. Kc5 Qa2 43. Kb4 Kg7 44. Rb6 g5 45. Kb5 g4 46. c5 g3 47. c6 Qb3+ 48. Ka6 Qc3 49. Kb7 Qxa5 50. c7 g2 51. c8Q Qxb6+ 52. Kxb6 g1Q+ 53. Kb5 Qb1+ 54. Ka4 Qe4+ 55. Ka3 Qe3+ 56. Kb2 Qe2+ 57. Kc3 Qe3+ 58. Kc2 Qe4+ 59. Kd2 f5 60. Qa6 1/2-1/2

[Event "Berlin Lichtenberger Sommer 2nd"]
[Site "Berlin"]
[Date "2003.08.20"]
[Round "5.20"]
[White "Lindschau, Eggert"]
[Black "Meister, Jakob"]
[Result "0-1"]
[WhiteElo "1921"]
[BlackElo "2491"]
[PlyCount "44"]
[EventDate "2003.08.16"]
[EventType "swiss"]
[EventRounds "9"]
[EventCountry "GER"]
[SourceTitle "EXT 2022"]
[Source "ChessBase"]
[SourceDate "2021.10.06"]
[SourceVersion "1"]
[SourceVersionDate "2021.10.06"]
[SourceQuality "1"]

1. e4 c5 2. Nf3 e6 3. d4 cxd4 4. Nxd4 a6 5. c4 Nf6 6. Nc3 Bb4 7. e5 Ne4 8. Qf3 Qa5 9. Qxe4 Bxc3+ 10. Kd1 Bxd4 11. Qxd4 Nc6 12. Qe4 Qxe5 13. Bd3 d6 14. Bf4 Qxb2 15. Rb1 Qa3 16. Re1 Ne5 17. Bc2 Bd7 18. Qxb7 0-0 19. Bxe5 dxe5 20. Re3 Qc5 21. Qe4 g6 22. Qxe5 Qxc4 0-1

[Event "Berlin Lichtenberger Sommer 2nd"]
[Site "Berlin"]
[Date "2003.08.19"]
[Round "4.41"]
[White "Lindschau, Eggert"]
[Black "Zuther, Roger"]
[Result "1-0"]
[WhiteElo "1921"]
[BlackElo "1606"]
[PlyCount "71"]
[EventDate "2003.08.16"]
[EventType "swiss"]
[EventRounds "9"]
[EventCountry "GER"]
[SourceTitle "EXT 2022"]
[Source "ChessBase"]
[SourceDate "2021.10.06"]
[SourceVersion "1"]
[SourceVersionDate "2021.10.06"]
[SourceQuality "1"]

1. e4 e5 2. Nf3 Nc6 3. Bc4 d6 4. d4 exd4 5. Nxd4 Nge7 6. 0-0 g6 7. f4 Bg7 8. c3 0-0 9. Be3 a6 10. a4 Qe8 11. Qf3 Nxd4 12. Bxd4 Bxd4+ 13. cxd4 Be6 14. d5 Bd7 15. Nc3 Kh8 16. Rae1 f6 17. b3 Qf7 18. Qg3 Qg7 19. Ne2 Rae8 20. Nd4 f5 21. e5 dxe5 22. fxe5 Ng8 23. Qe3 Re7 24. e6 Bc8 25. Nf3 h6 26. Ne5 Nf6 27. Qg3 Kh7 28. h3 Ne4 29. Rxe4 fxe4 30. Rxf8 Qxf8 31. Qxg6+ Kh8 32. Qxe4 Qf6 33. Ng6+ Kg7 34. Nxe7 Qxe7 35. Qe5+ Kf8 36. Qh8# 1-0

[Event "Berlin Lichtenberger Sommer 2nd"]
[Site "Berlin"]
[Date "2003.08.18"]
[Round "3.46"]
[White "Schiering, Manfred"]
[Black "Lindschau, Eggert"]
[Result "1/2-1/2"]
[WhiteElo "1693"]
[BlackElo "1921"]
[PlyCount "87"]
[EventDate "2003.08.16"]
[EventType "swiss"]
[EventRounds "9"]
[EventCountry "GER"]
[SourceTitle "EXT 2022"]
[Source "ChessBase"]
[SourceDate "2021.10.06"]
[SourceVersion "1"]
[SourceVersionDate "2021.10.06"]
[SourceQuality "1"]

1. c4 e5 2. Nc3 f5 3. d4 exd4 4. Qxd4 Nc6 5. Qe3+ Qe7 6. Nd5 Qxe3 7. Bxe3 Kd8 8. 0-0-0 Nge7 9. Nf4 Ke8 10. Nf3 b6 11. h4 Bb7 12. h5 Na5 13. b3 Be4 14. Bd4 Nec6 15. Bc3 Ba3+ 16. Bb2 Bxb2+ 17. Kxb2 Nb7 18. Nd2 Ne5 19. f3 Bc6 20. Nb1 a5 21. a4 Nc5 22. Nc3 Kf7 23. Ncd5 Bxd5 24. Nxd5 c6 25. Nc3 Rhe8 26. Rh4 Ne6 27. e4 f4 28. Ne2 b5 29. cxb5 cxb5 30. Nxf4 bxa4 31. bxa4 Nc5 32. Bb5 Rab8 33. Ka2 Nc6 34. Nd5 Re5 35. Rhh1 Rg5 36. g4 g6 37. hxg6+ Kxg6 38. Rhg1 Rf8 39. f4 Rxd5 40. f5+ Kg5 41. Rxd5 Nb4+ 42. Kb2 Nxd5 43. exd5 Re8 44. Rh1 1/2-1/2

[Event "Wichern op 6th"]
[Site "Hamburg"]
[Date "2001.10.19"]
[Round "7.33"]
[White "Lindschau, Eggert"]
[Black "Kock, Stefan"]
[Result "1-0"]
[WhiteElo "2142"]
[BlackElo "2031"]
[PlyCount "79"]
[EventDate "2001.10.21"]
[EventType "swiss"]
[EventRounds "9"]
[EventCountry "GER"]
[SourceTitle "EXT 2002"]
[Source "ChessBase"]
[SourceDate "2001.11.25"]
[SourceVersion "1"]
[SourceVersionDate "2001.11.25"]
[SourceQuality "1"]

1. e4 c5 2. Nf3 Nc6 3. d4 cxd4 4. Nxd4 Nf6 5. Nc3 e6 6. Be2 Bb4 7. Qd3 d5 8. exd5 Nxd5 9. 0-0 Nxd4 10. Qxd4 Nxc3 11. bxc3 Qxd4 12. cxd4 Bc3 13. Rb1 Bxd4 14. Bb5+ Ke7 15. Ba3+ Kf6 16. Rfd1 e5 17. Rb3 Bg4 18. Re1 Rac8 19. h3 Bf5 20. Rf3 Rc3 21. Bd3 Rxa3 22. Rxf5+ Ke6 23. Rf4 Ra4 24. Kf1 f6 25. c3 Kd6 26. Rg4 h5 27. Rxg7 Bxc3 28. Rd1 Bd4 29. Rd2 b6 30. Bf5 b5 31. Rf7 Rh6 32. Rd7+ Kc5 33. Rc2+ Kb4 34. Rd5 a6 35. Rd6 Bc3 36. Bc8 a5 37. Rb6 Kc4 38. Rc6+ Kd4 39. R6xc3 f5 40. Bxf5 1-0

[Event "Wichern op 6th"]
[Site "Hamburg"]
[Date "2001.10.17"]
[Round "5.35"]
[White "Lindschau, Eggert"]
[Black "Antunes, Victor"]
[Result "1-0"]
[WhiteElo "2142"]
[BlackElo "1993"]
[PlyCount "129"]
[EventDate "2001.10.21"]
[EventType "swiss"]
[EventRounds "9"]
[EventCountry "GER"]
[SourceTitle "EXT 2002"]
[Source "ChessBase"]
[SourceDate "2001.11.25"]
[SourceVersion "1"]
[SourceVersionDate "2001.11.25"]
[SourceQuality "1"]

1. e4 Nf6 2. e5 Nd5 3. d4 d6 4. c4 Nb6 5. f4 dxe5 6. fxe5 Nc6 7. Be3 Bf5 8. Nc3 e6 9. Be2 Be7 10. Nf3 Qd7 11. 0-0 0-0-0 12. a4 Na5 13. b3 c5 14. Nb5 a6 15. dxc5 Qxd1 16. Raxd1 axb5 17. cxb6 bxc4 18. bxc4 Bc2 19. Rxd8+ Rxd8 20. Nd4 Bg6 21. Nb5 f6 22. exf6 gxf6 23. c5 Bd3 24. Re1 Bxe2 25. Rxe2 Rd5 26. Rc2 Rd3 27. Kf2 f5 28. Ke2 Rd5 29. g3 Re5 30. Kf3 Re4 31. Na7+ Kb8 32. Bd2 Nc4 33. c6 Ne5+ 34. Kf2 bxc6 35. Bf4 Kb7 36. Bxe5 Rxe5 37. Rxc6 Rc5 38. Rxe6 Rc2+ 39. Ke3 Bc5+ 40. Kd3 Rxh2 41. a5 Rg2 42. Kc4 Bg1 43. Re7+ Ka6 44. Nc6 Rc2+ 45. Kd5 Kb5 46. Nd4+ Bxd4 47. Kxd4 Kxa5 48. b7 Rb2 49. Rxh7 Ka6 50. Ke5 Rb5+ 51. Kf4 Ka7 52. Rf7 Rb1 53. Kxf5 Rf1+ 54. Ke6 Re1+ 55. Kd5 Rd1+ 56. Ke4 Re1+ 57. Kd3 Rd1+ 58. Ke4 Re1+ 59. Kd3 Rd1+ 60. Ke2 Rb1 61. Rg7 Rxb7 62. Rxb7+ Kxb7 63. Ke3 Kc7 64. Ke4 Kd7 65. Kf5 1-0